000 00713nas a2200241 4500
001 BR6007895
003 BR-BrBNA
005 20231205082037.0
007 ta
008 230509b bl.|||p| |||| 00| 00por d
040 _aBR-BrBNA
_bpor
_cBiblioteca Nacional de Agricultura
041 _a(Pt)
072 _aF60
100 1 _aVasconcelos, I.
100 1 _aAlves, J.F.
100 1 _aLima, I.T.
245 1 _aNodulacao do feijao de corda, Vigna sinensis (L.)Savi ao longo do ciclo cultural da planta
650 _aFEIJAO DE CORDA
650 _aNODULO
773 0 _tCiencia Agronomica (Brazil)
_x
_g(Dec 1976), v. 6(1-2) p. 11-15
_wBR6007895
909 _a202311
_bLúcia
_c55
_dLúcia Elande
942 _2AGRIS
_n0
_cANA
999 _c88783
_d88783